Chi sono io? Come sopravvivere alle domande delle nuove generazioni. Toolkit per famiglie e scuole

Uloženo v:
Podrobná bibliografie
Korporativní autor: Arcigay
Médium: Kniha
Jazyk:angličtina
Vydáno: Bologna Arcigay
Tagy: Přidat tag
Žádné tagy, Buďte první, kdo vytvoří štítek k tomuto záznamu!

MARC

LEADER 00000nam a2200000 4500
005 20241023185245.0
008 241023b |||||||| |||| 00| 0 eng d
040 |c GP 
110 |a Arcigay 
245 |a Chi sono io?  |b Come sopravvivere alle domande delle nuove generazioni. Toolkit per famiglie e scuole 
260 |a Bologna  |b Arcigay 
942 |2 ddc  |c BK  |n 0 
952 |0 0  |1 0  |2 ddc  |4 0  |6 306_766000000000000_ARC  |7 1  |9 2159  |a RM  |b RM  |d 2024-10-23  |l 0  |o 306 766 ARC  |p 842  |r 2024-10-23 18:53:06  |w 2024-10-23  |y BK 
952 |0 0  |1 0  |2 ddc  |4 0  |6 306_766000000000000_ARC_CHI  |7 1  |9 2194  |a RA  |b RA  |d 2024-11-26  |l 0  |o 306.766 ARC CHI  |p 9655  |r 2024-11-26 10:04:30  |w 2024-11-26  |y BK 
952 |0 0  |1 0  |2 ddc  |4 0  |6 306_766000000000000_ARC_CHI  |7 1  |9 2195  |a RA  |b RA  |d 2024-11-26  |l 0  |o 306.766 ARC CHI  |p 9656  |r 2024-11-26 10:05:11  |w 2024-11-26  |y BK 
999 |c 1900  |d 1900